MARC

LEADER 00000nam0a2200000 4500
001 271486
005 20231101234436.0
020 |a RU  |b 87-50141 
035 |a (RuTPU)RU\TPU\book\294668 
090 |a 271486 
100 |a 20141008d1987 k y0rusy5003 ca 
101 0 |a rus 
102 |a RU 
105 |a a z 001zy 
200 1 |a Линзовые антенны с электрически управляемыми диаграммами направленности  |f С. М. Авдеев, Н. А. Бей, А. Н. Морозов  |g под ред. Н. А. Бея 
210 |a Москва  |c Радио и связь  |d 1987 
215 |a 128 с.  |c ил. 
320 |a Библиогр.: с. 122-125 (69 назв.) 
606 1 |a Антенны сканирующие, выпуклые  |2 stltpush  |3 (RuTPU)RU\TPU\subj\29187  |9 52574 
610 1 |a линзовые антенны 
610 1 |a диэлектрики 
610 1 |a линзы 
610 1 |a построение 
610 1 |a структура 
610 1 |a преобразования 
610 1 |a поля 
610 1 |a конструкции 
675 |a 621.396.677  |z rus  |v 3 
700 1 |a Авдеев  |b С. М.  |g Сергей Михайлович 
701 1 |a Бей  |b Н. А.  |g Николай Арсеньевич 
701 1 |a Морозов  |b А. Н.  |g Александр Николаевич 
702 1 |a Бей  |b Н. А.  |g Николай Арсеньевич  |4 340 
801 0 |a RU  |b RuMRKP  |c 19950417  |g psbo 
801 1 |a RU  |b 63413507  |c 20141008 
801 2 |a RU  |b 63413507  |c 20170309  |g RCR 
942 |c BK